[Event "Collado Villalba Grupo Gallinero op 1st"]
[Site "Collado Villalba"]
[Date "2022.08.13"]
[Round "2"]
[White "Rojas Fernandez, Pablo"]
[Black "Arevillca Colque, Jonatan"]
[Result "0-1"]
[WhiteElo "1128"]
[BlackElo "1568"]
[PlyCount "78"]
[EventDate "2022.08.12"]
[EventType "swiss"]
[EventRounds "9"]
[EventCountry "ESP"]
[SourceTitle "CBM 210 Extra"]
[Source "ChessBase"]
[SourceDate "2022.11.30"]
[SourceVersion "1"]
[SourceVersionDate "2022.11.30"]
[SourceQuality "1"]

1. e4 e5 2. Nf3 Nc6 3. Nc3 Nf6 4. d4 exd4 5. Nxd4 Bb4 6. Nxc6 bxc6 7. Bd3 0-0 8. 0-0 d5 9. exd5 cxd5 10. Bg5 Bb7 11. a3 Bxc3 12. bxc3 h6 13. Bh4 Qd6 14. Bg3 Qc6 15. Be5 d4 16. f3 dxc3 17. Rb1 Qc5+ 18. Kh1 Bxf3 19. Qxf3 Qxe5 20. Rb7 Rfb8 21. Rfb1 Rxb7 22. Rxb7 Qe1+ 23. Qf1 Qxf1+ 24. Bxf1 Nd5 25. Kg1 Kf8 26. Kf2 Ke7 27. Bc4 Nb6 28. Rxc7+ Kd6 29. Rxf7 Nxc4 30. Rxg7 Nxa3 31. Rg3 Rc8 32. Ke2 Nxc2 33. Rg6+ Kd5 34. Kd3 Nb4+ 35. Ke2 c2 36. g4 c1Q 37. h4 Rc2+ 38. Kf3 Qf1+ 39. Ke3 Qf2# 0-1